| 000 | 00887nam a2200289Ia 4500 | ||
|---|---|---|---|
| 001 | Para_7726 | ||
| 003 | CHAP | ||
| 008 | 220125s9999 xx 000 0 und d | ||
| 010 | _a206745 | ||
| 040 | _cCHAP | ||
| 082 | _aPA-C 595.77 D5 | ||
| 100 |
_aHerms, W.B. _9167251 |
||
| 245 |
_aThe coachella Valley (California) hippelates fly project / _c W.B. Herms |
||
| 300 | _a4 p. | ||
| 440 |
_aDíptera; 4 _9164251 |
||
| 500 | _aSobretiro de: Journal of economic entomology 21 (5): 690-693, 1928. Encuadernado con otros impresos similares | ||
| 650 |
_aCoachella Valley _x California _9173046 |
||
| 650 |
_aDípteros _x colecciones de escritos _933718 |
||
| 650 |
_aHippelates _9173047 |
||
| 901 | _aPA-C 595.77 D5 | ||
| 902 | _aA | ||
| 905 | _a000000 0000000000 00 | ||
| 910 | _a | ||
| 942 | _cPARA | ||
| 942 |
_cPARA _d1 |
||
| 999 |
_c206745 _d206745 |
||